01345 2200457 4500001002100000005001500021035002000036007000300056008004100059020002300100082001200123084001800135100002700153245017000180250001600350260009700366300004300463650002900506990001600535990001600551990001600567990001600583990001600599990001600615990001600631990001600647990001600663990001600679990001600695990001600711990001600727990001600743990001600759990001600775990001600791990001600807990001600823990001600839990001600855990001600871INLIS00000000000001920231101125129 a0010-1123000007ta231101 0 ind  a978-602-244-885-3; a899.221 a899.221 IKA e0 aIka Lestari Damayanti;1 aENGLISH FOR NUSANTARA KELAS VII /cIka Lestari Damayanti., Yusnita Febrianti., Iyen nurlaelawati., Pipit Prihartanti Suharto., Aji Jehan Fellani., Raymon Rahmadhani; aCet 1 2022; aJakarta Selatan; :bPusat Perbukuan Badan Standar, Kurikulum dan Asesmen Pendidikan;,c2022; axxxii, 264 hlm :bIlus ;c17,6 x 25 cm 4aPelajaran bahasa inggris a00000000135 a00000000136 a00000000137 a00000000138 a00000000139 a00000000140 a00000000141 a00000000142 a00000000143 a00000000144 a00000000145 a00000000146 a00000000147 a00000000148 a00000000149 a00000000150 a00000000151 a00000000152 a00000000153 a00000000154 a00000000155 a00000000156